000 00242nam a2200097Ia 4500
001 1112737
005 20250827003936.0
008 250824s9999 xx 000 0 und d
245 0 _aKIPIR KIPIRDAK
_cJEANNE WİLLİS
260 _bKETEBE YAYINLARI
999 _c1112737
_d1112737